000 00533nam a2200181Ia 4500
003 GCL
008 140319s9999 xx 000 0 ara d
040 _aGCL /
_cGCL
082 0 4 _a811.9
_bا م
100 1 _aابراهيم على خشبه
245 1 0 _aمطر خفيف فى الخارج /
_cابراهيم على خشبه
700 1 _aابراهيم داود
300 _a93 ص
490 _aكتاب
_v0
650 0 4 _aالشعر العربى
650 0 4 _aالشعر العربى - العصر الحديث
942 _2ddc
_cBK
999 _c40930
_d40930